Learn the Guitar Fretboard - Statistics

General Stats
  • This quiz has been taken 75 times
  • The average score is 7 of 15
Answer Stats
Position Note % Correct
D, fret 1 D#
78%
B, fret 1 C
75%
D, fret 2 E
73%
G, fret 2 A
71%
E, fret 10 D
71%
A, fret 5 D
70%
A, fret 6 D#
70%
E, fret 6 A#
67%
B, fret 3 D
67%
B, fret 6 F
67%
E, fret 5 A
63%
B, fret 11 A#
63%
A, fret 2 B
63%
B, fret 4 D#
63%
E, fret 3 G
63%
G, fret 10 F
60%
D, fret 5 G
60%
A, fret 3 C
58%
G, fret 1 G#
56%
D, fret 4 F#
55%
E, fret 1 F
53%
E, fret 7 B
50%
E, fret 8 C
50%
D, fret 11 C#
50%
A, fret 7 E
50%
D, fret 3 F
50%
B, fret 8 G
50%
B, fret 10 A
40%
A, fret 8 F
40%
G, fret 11 F#
40%
A, fret 1 A#
38%
E, fret 11 D#
38%
G, fret 8 D#
38%
E, fret 2 F#
38%
D, fret 6 G#
38%
A, fret 11 G#
36%
B, fret 9 G#
36%
G, fret 4 B
35%
G, fret 5 C
33%
B, fret 2 C#
33%
G, fret 7 D
33%
G, fret 3 A#
31%
B, fret 7 F#
30%
G, fret 6 C#
29%
E, fret 9 C#
27%
A, fret 4 C#
27%
D, fret 10 C
27%
G, fret 9 E
27%
A, fret 10 G
27%
D, fret 8 A#
25%
E, fret 4 G#
22%
D, fret 9 B
20%
D, fret 7 A
14%
B, fret 5 E
9%
A, fret 9 F#
8%
No matching quizzes found
Score Distribution
Percent of People with Each Score
Percentile by Number Answered
Your Score History
You have not taken this quiz